| 000 | 00890nam a22002897a 4500 | ||
|---|---|---|---|
| 005 | 20251108173553.0 | ||
| 008 | 250721s1997 xx 000 0 ara d | ||
| 082 | 1 | 4 | _a321.8/ ندو |
| 100 | 1 |
_aأبو رمان، حسين _eEd. |
|
| 245 | 1 | 0 | _aالديمقراطية و سيادة القانون / |
| 264 | 1 |
_aعمان : _bمركز الأردن الجديد للدراسات، _c1997. |
|
| 300 | _a235ص. | ||
| 650 | 1 | 7 | _aالديمقراطية |
| 650 | 1 | 7 | _aالمعارضة السياسية |
| 650 | 1 | 7 | _aالأحزاب السياسية |
| 650 | 1 | 7 | _aالقانون الدستوري |
| 650 | 1 | 7 | _aدراسات الحالة |
| 650 | 1 | 7 | _aالمانيا |
| 650 | 1 | 7 | _aفلسطين |
| 650 | 1 | 7 | _aمصر |
| 650 | 1 | 7 | _aإسرائيل |
| 650 | 1 | 7 | _aالأردن |
| 650 | 1 | 7 | _aفرنسا |
| 650 | 1 | 7 | _aأوراق المؤتمرات |
| 942 |
_2ddc _cBK |
||
| 999 |
_c107095 _d107095 |
||